عرض عادي
عرض مارك
- العلاج بالطاقة
مدخل مصطلح موضوعي
001 - رقم الضبط
- حقل الضبط: 61795
003 - معرف رقم الضبط
- حقل الضبط: OSt
005 - تاريخ ووقت أخر عملية
- حقل الضبط: 20180412130704.0
008 - عناصر بيانات ثابتة الطول
- حقل تحكم ثابت الطول: 180412|| aca||aabn | a|a d
040 ## - مصدر الفهرسة
- هيئة الفهرسة الأصلية: OSt
- وكالة الكتابة: OSt
150 ## - مدخل-- مصطلح تاريخي
- عنصر مدخل المصطلح الموضوعي او الاسم الجغرافي: العلاج بالطاقة
670 ## - بيانات المصدر موجوده
- الاستشهاد بالمصدر: Work cat.: (OSt): علي، عمرو 61780, العلاج بالطاقة الحيوية : , 2018.
